000 00554nam a2200229Ia 4500
003 OSt
005 20221005122027.0
006 a|||||r|||| 00| 0
007 ta
008 221004b |||||||| |||| 00| 0 eng d
024 _a59801
037 _cTextual
040 _aCRL
_cCRL
_beng
041 _2eng
_aeng
082 _aV2:2501:N3, F21
100 _aPaul K N
_9631384
245 0 _aIndian unrest, 1919-20
260 _c1922
650 _aHISTORY
942 _hV2:2501:N3, F21
_cTEXL
_2cc
999 _c1043032
_d1043032